Pan-Africanism and the Liberation of Southern Africa : (Record no. 13041)
[ view plain ]
| 000 -LEADER | |
|---|---|
| fixed length control field | 01134nam a22002537i 4500 |
| 001 - CONTROL NUMBER | |
| control field | 1812211 |
| 005 - DATE AND TIME OF LATEST TRANSACTION | |
| control field | 19840322000000.0 |
| 008 - FIXED-LENGTH DATA ELEMENTS--GENERAL INFORMATION | |
| fixed length control field | 790504s1978 nyu |d 000 0 eng d |
| 040 ## - CATALOGING SOURCE | |
| Original cataloging agency | DLC |
| Transcribing agency | DLC |
| Modifying agency | DLC |
| 082 ## - DEWEY DECIMAL CLASSIFICATION NUMBER | |
| Edition number | 22 |
| Classification number | 320..549096 |
| Item number | PAN |
| 245 10 - TITLE STATEMENT | |
| Title | Pan-Africanism and the Liberation of Southern Africa : |
| Remainder of title | A Tribute to W.E.B. DuBois / |
| Statement of responsibility, etc | Edited by John Henrik Clarke. |
| 260 ## - PUBLICATION, DISTRIBUTION, ETC. (IMPRINT) | |
| Place of publication, distribution, etc | New York : |
| Name of publisher, distributor, etc | African Heritage Studies Association, |
| Date of publication, distribution, etc | 1978 |
| 300 ## - PHYSICAL DESCRIPTION | |
| Extent | 79 p. ; |
| Dimensions | 22 cm. |
| 500 ## - GENERAL NOTE | |
| General note | Donated by: dr. Alaa Abdel Ghany |
| 504 ## - BIBLIOGRAPHY, ETC. NOTE | |
| Bibliography, etc | Bibliography:p.75-79 |
| 600 ## - SUBJECT ADDED ENTRY--PERSONAL NAME | |
| 9 (RLIN) | 9952 |
| Personal name | Du Bois, W. E. B. |
| Dates associated with a name | --1868-1963. |
| Fuller form of name | --(William Edward Burghardt), |
| 650 ## - SUBJECT ADDED ENTRY--TOPICAL TERM | |
| 9 (RLIN) | 9923 |
| Topical term or geographic name as entry element | Pan-Africanism |
| General subdivision | --History |
| Chronological subdivision | --20th century |
| 651 ## - SUBJECT ADDED ENTRY--GEOGRAPHIC NAME | |
| 9 (RLIN) | 9940 |
| Geographic name | Africa |
| Form subdivision | --Politics and government |
| General subdivision | --1960- |
| 700 ## - ADDED ENTRY--PERSONAL NAME | |
| 9 (RLIN) | 9949 |
| Personal name | Clarke, John Henrik, |
| Dates associated with a name | 1915-1998. |
| 710 ## - ADDED ENTRY--CORPORATE NAME | |
| 9 (RLIN) | 9950 |
| Corporate name or jurisdiction name as entry element | African Heritage Studies Association |
| 710 ## - ADDED ENTRY--CORPORATE NAME | |
| 9 (RLIN) | 9951 |
| Corporate name or jurisdiction name as entry element | United Nations Centre Against Apartheid |
| 942 ## - ADDED ENTRY ELEMENTS (KOHA) | |
| Source of classification or shelving scheme | Dewey Decimal Classification |
| Item type | Book - Borrowing |
| Withdrawn status | Item status | Source of classification or shelving scheme | Damaged status | Not for loan | Vendor | Home library | Current library | Shelving location | Date acquired | Source of acquisition | Total Checkouts | Total Renewals | Full call number | Barcode | Date last seen | Date last borrowed | Koha item type |
|---|---|---|---|---|---|---|---|---|---|---|---|---|---|---|---|---|---|
| Dewey Decimal Classification | Central Library | Central Library | First floor | 14/12/2009 | Donation | 1 | 4 | 320..549096 PAN | 000019297 | 15/07/2025 | 18/12/2017 | Book - Borrowing |